| 000 | 00476nam a22001337a 4500 | ||
|---|---|---|---|
| 040 | _cNUST | ||
| 082 | _a220 PRO | ||
| 100 |
_aAyesha Aslam Chaudhry Daniyal Basharat Umair Latif _985552 |
||
| 110 |
_aSponsoring DS: Dr. Umar Shahbaz Khan Col Dr. Kunwar Faraz Ahmed Asst Prof Kanwal Naveed _985553 |
||
| 245 | _aPR-SOF-2032-Dynamic Obstacle Avoidance Using Mobile Robots | ||
| 260 |
_aISLAMABAD: _bNUST COLLEGE OF EME, _c2021. |
||
| 650 |
_aDE-MTS-39 _985554 |
||
| 942 |
_2ddc _cPR |
||
| 999 |
_c587011 _d587011 |
||